h1

h2

h3

h4

h5
h6
000465510 001__ 465510
000465510 005__ 20251113150010.0
000465510 037__ $$aRWTH-2015-01750
000465510 041__ $$aEnglish
000465510 1001_ $$0P:(DE-82)IDM00103$$aReusken, Arnold$$b0$$urwth
000465510 245__ $$aConvergence Analysis of the Gauss-Seidel Method for Discretized One Dimensional Euler Equations$$honline
000465510 260__ $$aAachen$$bInstitut für Geometrie und Praktische Mathematik$$c2002
000465510 3367_ $$0PUB:(DE-HGF)25$$2PUB:(DE-HGF)$$aPreprint$$bpreprint$$mpreprint
000465510 3367_ $$2ORCID$$aWORKING_PAPER
000465510 3367_ $$2DRIVER$$apreprint
000465510 3367_ $$2DataCite$$aOutput Types/Working Paper
000465510 3367_ $$028$$2EndNote$$aElectronic Article
000465510 3367_ $$2BibTeX$$aARTICLE
000465510 4900_ $$aPreprint / Institut für Geometrie und Praktische Mathematik$$v213
000465510 591__ $$aGermany
000465510 653_7 $$2eng$$aGauss-Seidel method
000465510 653_7 $$2eng$$aEuler equations
000465510 653_7 $$2eng$$aconvergence analysis
000465510 8564_ $$uhttps://www.igpm.rwth-aachen.de/forschung/preprints/213$$yFulltext
000465510 909CO $$ooai:publications.rwth-aachen.de:465510$$pVDB
000465510 9201_ $$0I:(DE-82)111710_20140620$$k111710$$lLehrstuhl für Numerische Mathematik$$x0
000465510 9201_ $$0I:(DE-82)110000_20140620$$k110000$$lFachgruppe Mathematik$$x1
000465510 961__ $$c2015-04-15T12:34:01.453276$$x2015-04-15T12:34:01.453276$$z2015-07-27
000465510 980__ $$apreprint
000465510 980__ $$aUNRESTRICTED
000465510 980__ $$aVDB
000465510 980__ $$aI:(DE-82)111710_20140620
000465510 980__ $$aI:(DE-82)110000_20140620